000 00292nam a22000977a 4500
008 231013b |||||||| |||| 00| 0 eng d
020 _a9789353450205
100 _aSardesai Rajdeep
_94670
245 _aDemocracy's XI (The Great Indian Cricket History)
260 _aNew Delhi
_bJuggernet Books
_c2017
999 _c12449
_d12449